Capitals Closest to the Northern Tip of Russia - One Minute Sprint - Statistics

General Stats
  • This quiz has been taken 18 times
  • The average score is 16 of 20
Answer Stats
km capital miles % Correct
3325 Helsinki 2065
100%
3670 Oslo 2280
100%
3672 Riga 2282
100%
3877 Vilnius 2409
100%
3247 Astana 2018
93%
3916 Kiev 2607
93%
3905 Minsk 2426
93%
3402 Tallinn 2114
93%
3321 Ulaanbaatar 2063
93%
4233 Warsaw 2630
93%
4068 Copenhagen 2528
87%
4248 Beijing 2639
80%
3567 Stockholm 2216
80%
4102 Bishkek 2549
73%
3476 Moscow 2160
73%
4379 Berlin 2720
67%
4157 Nuuk 2583
67%
3836 Reykjavik 2383
67%
4356 Tashkent 2707
60%
3808 Tórshavn 2366
20%
No matching quizzes found
Score Distribution
Percent of People with Each Score
Percentile by Number Answered
Your Score History
You have not taken this quiz